Las guerras de religión. 1559-1598 (Record no. 18756)

MARC details
000 -LEADER
campo de control de longitud fija 00804nam a2200253 a 4500
003 - IDENTIFICADOR DE NÚMERO DE CONTROL
campo de control Co-PeBPM
005 - FECHA Y HORA DE LA ÚLTIMA TRANSACCIÓN
campo de control 20251020011207.0
008 - DATOS DE LONGITUD FIJA--INFORMACIÓN GENERAL
campo de control de longitud fija 231129s1971||||xx |||||||||||||| ||spa||
040 ## - FUENTE DE CATALOGACIÓN
Lengua de catalogación spa
Centro catalogador/agencia de origen Co-PeBPM
Centro/agencia transcriptor Co-PeBPM
Normas de descripción RDA
041 ## - CÓDIGO DE IDIOMA
Código de lengua del texto/banda sonora o título independiente spa
Código de lengua original fre
082 ## - NÚMERO DE LA CLASIFICACIÓN DECIMAL DEWEY
Número de clasificación 261.873 L785g
100 ## - ENTRADA PRINCIPAL--NOMBRE DE PERSONA
Nombre de persona Livet, Georges
Término indicativo de función/relación Autor
245 #0 - MENCIÓN DEL TÍTULO
Título Las guerras de religión. 1559-1598
250 ## - MENCION DE EDICION
Mención de edición Primera
260 ## - PUBLICACIÓN, DISTRIBUCIÓN, ETC.
Fecha de publicación, distribución, etc. 1971
264 ## - PRODUCCIÓN, PUBLICACIÓN, DISTRIBUCIÓN, FABRICACIÓN Y COPYRIGHT
Producción, publicación, distribución, fabricación y copyright Ediciones Oikos-Tau, Barcelona (España); 1971
300 ## - DESCRIPCIÓN FÍSICA
Extensión 126 páginas;
Dimensiones 17cms
490 ## - MENCIÓN DE SERIE
Mención de serie Colección ¿qué sé? No. 34
500 ## - NOTA GENERAL
Nota general Incluye Bibliografía Sumaria e índice
505 ## - NOTA DE CONTENIDO CON FORMATO
Nota de contenido con formato Incluye Bibliografía Sumaria e índice
650 14 - PUNTO DE ACCESO ADICIONAL DE MATERIA--TÉRMINO DE MATERIA
Fuente del encabezamiento o término LEMB
Término de materia o nombre geográfico como elemento de entrada Iglesias
Subdivisión de forma Crisis económica
Subdivisión general Conflictos
700 ## - ENTRADA AGREGADA--NOMBRE PERSONAL
Nombre de persona Dr. Felip Cid
Término indicativo de función/relación Dirección versión castellana
942 ## - ELEMENTOS DE ENTRADA SECUNDARIOS (KOHA)
Fuente del sistema de clasificación o colocación Clasificación Decimal Dewey
Tipo de ítem Koha Libros
Suprimir en OPAC No
Holdings
Estatus retirado Estado de pérdida Fuente del sistema de clasificación o colocación Estado de daño No para préstamo Colección Biblioteca de origen Biblioteca actual Ubicación en estantería Fecha de adquisición Fuente de adquisición Total de préstamos Signatura topográfica completa Código de barras Visto por última vez Copia número Precio de reemplazo Tipo de ítem Koha
    Clasificación Decimal Dewey     General BIBLIOTECA PÚBLICA MUNICIPAL RAMON CORREA MEJIA BIBLIOTECA PÚBLICA MUNICIPAL RAMON CORREA MEJIA Colección general 09/07/2009 Compra   261.873 L785g 06630 29/11/2023 Ej.1 29/11/2023 Libros

Powered by Koha